HSC publishes asbestos proposals (Record no. 68907)

MARC details
000 -LEADER
fixed length control field 01093cam a2200217 4500
001 - CONTROL NUMBER
control field WB3744-15
008 - FIXED-LENGTH DATA ELEMENTS--GENERAL INFORMATION
fixed length control field 011122n2001 000 0 eng u
035 ## - SYSTEM CONTROL NUMBER
System control number (Sirsi) u115692
245 ## - TITLE STATEMENT
Title HSC publishes asbestos proposals
260 ## - PUBLICATION, DISTRIBUTION, ETC.
Date of publication, distribution, etc. 2001
490 ## - SERIES STATEMENT
Series statement Health and Safety Executive Press Release
Volume/sequential designation (CO51:01) (3)
520 ## - SUMMARY, ETC.
Summary, etc. Health and Safety Commission publishes consultative document with revised propsals for the introduction of a new duty to manage the risk from asbestos in premises. The change will be to widen the definition of the duty holder with a proposal to extend the duty to all those who legally have maintenance and repair responsibilities for any part of the premises. Copies of the consultative document can be downloaded from the HSE website at http://hse.gov.uk/condocs/
590 ## - LOCAL NOTE (RLIN)
Local note WB
650 ## - SUBJECT ADDED ENTRY--TOPICAL TERM
Topical term or geographic name entry element MANAGEMENT-HEALTH AND SAFETY-HAZARDOUS SUBSTANCES-ASBESTOS
650 ## - SUBJECT ADDED ENTRY--TOPICAL TERM
Topical term or geographic name entry element HEALTH AND SAFETY COMMISSION
650 ## - SUBJECT ADDED ENTRY--TOPICAL TERM
Topical term or geographic name entry element WORKPLACE PREMISES
650 ## - SUBJECT ADDED ENTRY--TOPICAL TERM
Topical term or geographic name entry element RISK MANAGEMENT
650 ## - SUBJECT ADDED ENTRY--TOPICAL TERM
Topical term or geographic name entry element APPROVED CODE OF PRACTICE
690 ## - LOCAL SUBJECT ADDED ENTRY--TOPICAL TERM (OCLC, RLIN)
Topical term or geographic name as entry element HEALTH AND SAFETY
9 (RLIN) 6244
942 ## - ADDED ENTRY ELEMENTS (KOHA)
Suppress in OPAC 0
Holdings
Withdrawn status Lost status Source of classification or shelving scheme Damaged status Not for loan Home library Current library Shelving location Date acquired Total Checkouts Full call number Barcode Date last seen Copy number Price effective from Koha item type
    Dewey Decimal Classification     London London News article 22/11/2001   WB3744-15 115692-1001 06/08/2019 1 06/08/2019 News article